Flagi państw historycznych Afryki - Statystyki

Ogólne statystyki
  • Ten quiz został rozwiązany 181 razy
  • Średni wynik to 6 z 25
Statystyki odpowiedzi
Obrazkowy Odpowiedź % Poprawnych
Związek Południowej Afryki
89%
Cesarstwo Etiopii
74%
Zair
64%
Wielka Arabska Libijska Dżamahirijja Ludowo-Socjalistyczna
45%
Sułtanat Egiptu
39%
Wolne Państwo Kongo
34%
Królestwo Beninu
32%
Republika Rodezyjska
32%
Królestwo Merina
28%
Imperium Mali
23%
Wolne Państwo Orania
22%
Republika Biafry
20%
Republika Górnej Wolty
19%
Republika Południowoafrykańska
16%
Republika Natalii
15%
Emirat Cyrenajki
13%
Królestwo Bugandy
12%
Republika Rifu
12%
Królestwo Dahomeju
11%
Państwo Derwiszów
11%
Sułtanat Zanzibaru
11%
Królestwo Aszanti
7%
Królestwo Zulu
6%
Państwo Katanga
5%
Anjouan
4%
Nie znaleziono quizów pasujących do podanych kryteriów
Rozkład punktacji
Procent ludzi z każdym wynikiem
Percentyl według liczby udzielonych odpowiedzi
Twoja historia wyników
Nie rozwiązałeś tego quizu